Gli occhi di Greta Garbo /

Gespeichert in:
Bibliographische Detailangaben
1. Verfasser: Puig, Manuel (Verfasst von)
Weitere Verfasser: Guerri, Giordano Bruno
Format: Buch
Sprache:Italienisch
Veröffentlicht: Milano : Leonardo, 1991
Schriftenreihe:Improvvisi ; 6
Schlagworte:
Tags: Tag hinzufügen
Keine Tags, Fügen Sie das erste Tag hinzu!

MARC

LEADER 00000nam a2200000 i 4500
001 IT\ICCU\RAV\0146687
003 ItRI
005 20260115231906.0
008 910619s1991 it |||||| ||||| |||||c
020 |a 8835501393 
040 |b ita  |c importazione bologna sebina 
041 7 |a ita  |2 ISO-639-2 
082 |a 863.44AG  |9 NARRATIVA IN LINGUA SPAGNOLA. ARGENTINA. 1945-  |2 20 
100 1 |a Puig, Manuel  |0 IT\ICCU\CFIV\004029  |4 aut 
245 1 4 |a Gli occhi di Greta Garbo /  |c Manuel Puig ; introduzione di Giordano Bruno Guerri. 
260 |a Milano :  |b Leonardo,  |c 1991 
300 |a 73 p. ;  |c 17 cm 
650 7 |a CINEMATOGRAFO  |x Scritti  |2 scbi 
700 1 |a Guerri, Giordano Bruno  |0 IT\ICCU\CFIV\059776 
830 0 |a Improvvisi ;  |v 6  |0 IT\ICCU\CFI\0170024 
942 |2 ddc  |c BK  |n 0 
952 |0 0  |1 0  |4 0  |6 DOC_863_640000000000000_PUI  |7 0  |9 15595  |a BO  |b BO  |d 2026-01-15  |i 2525  |l 0  |o DOC 863.64 PUI  |p BO2525  |r 2026-01-15 23:19:06  |w 2026-01-15  |x [Sebina 5] [1 v.]  |y BK  |z 1 v. 
999 |c 13419  |d 13419